La reforma del mercado de trabajo en España (Registro nro. 22647)
[ vista simple ]
| 000 -LEADER | |
|---|---|
| fixed length control field | 00372 a2200109 4500 |
| 001 - CONTROL NUMBER | |
| control field | ART_4779 |
| 005 - DATE AND TIME OF LATEST TRANSACTION | |
| control field | 20260410161824.0 |
| 008 - FIXED-LENGTH DATA ELEMENTS--GENERAL INFORMATION | |
| fixed length control field | 260409a |
| 100 1# - MAIN ENTRY--PERSONAL NAME | |
| Personal name | Sala Franco, Tomás |
| 245 10 - TITLE STATEMENT | |
| Title | La reforma del mercado de trabajo en España |
| 773 0# - HOST ITEM ENTRY | |
| Title | Revista de trabajo |
| Related parts | Adaptabilidad y negociación colectiva - Año 1, Nº 4 (sep./oct. 1994) |
| Record control number | REV4713 |
No hay ítems disponibles.